000 01012nam a2200253 i 4500
001 160719
003 ES-MaACL
005 20230906212120.0
008 041008q18451900fr a |||| | fre d
040 _aCAM
_bspa
_cCAM
100 1 _aNodier, Charles.
_985818
245 1 0 _aContes de Charles Nodier.
260 _a[S.l :
_bs.n.,
_cs.a.] (
_eMesnil :
_fImprimé par H. Didot)
300 _a48 p. :
_bil. ;
_c30 cm.
490 1 _aLes chefs-d'oeuvre de la littérature et de l'illustration
505 8 _aContiene: Premiere partie: La fée aux miettes, Le songe d'or, La légende de la soeur Béatrix
594 _aTit. tomado de comienzo de texto.
596 _aPie de imp. tomado de colofón.
596 _aProbablemente impreso entre 1845 y 1900.
598 _aSerie precede al tit.
830 0 _aLes chefs-d'oeuvre de la littérature et de l'illustration
_9222070
852 _aES-MaACL
_jR-1705(5)
_z-- Enc. hol.
_q-- Sólo "premiere partie"
_z-- Enc. en un vol. facticio
999 _c160719
_d160719